000 00823nam a2200253Ia 4500
003 OSt
005 20220923222737.0
006 a|||||r|||| 00| 0
007 ta
008 220922b |||||||| |||| 00| 0 hin d
024 _a207,343
037 _cTextual
040 _aARTS
_cARTS
_bhin
041 _2hin
_ahin
082 _aO152,3NKH,BK, J5
100 _aखन्ना, बजेन्द्र
245 0 _aबालू के टीले
246 _aBālū ke ṭīle
260 _aबनारस
_b हिन्दी प्रचारक पुस्तकालय
_c1955
300 _a336पृ.
_ccm.
650 _aहिन्दी साहित्य
_9156264
942 _hO152,3NKH,BK, J5
_cTEXL
_2CC
999 _c357960
_d357960